Jesus is alive! (Record no. 13703)

000 -LEADER
fixed length control field 00612nam a2200193 a 4500
001 - CONTROL NUMBER
control field :::00011526$&:&@@
003 - CONTROL NUMBER IDENTIFIER
control field OkBaRHE
005 - DATE AND TIME OF LATEST TRANSACTION
control field 20000607103409.0
008 - FIXED-LENGTH DATA ELEMENTS--GENERAL INFORMATION
fixed length control field s1971 j 000 0 eng u
040 ## - CATALOGING SOURCE
Transcribing agency
100 1# - MAIN ENTRY--PERSONAL NAME
Personal name Stockhowe, George.
245 10 - TITLE STATEMENT
Title Jesus is alive!
260 ## - PUBLICATION, DISTRIBUTION, ETC. (IMPRINT)
Place of publication, distribution, etc Monroeville, PA., :
Name of publisher, distributor, etc Whitaker Books
Date of publication, distribution, etc c1971
300 ## - PHYSICAL DESCRIPTION
Extent 128 p. ;
Dimensions 20 cm.
650 ## - SUBJECT ADDED ENTRY--TOPICAL TERM
Topical term or geographic name as entry element Pentecostalism, Episcopal Church
650 ## - SUBJECT ADDED ENTRY--TOPICAL TERM
Topical term or geographic name as entry element Protestant Episcopal Church in the U.S.A. Biography
942 ## - ADDED ENTRY ELEMENTS (KOHA)
Source of classification or shelving scheme
Koha item type Books
Copies
Not for loan Date last seen Lost status Price effective from Koha item type Barcode Source of classification or shelving scheme Full call number Shelving location Withdrawn status Date acquired Copy number Damaged status Permanent Location
 2010-04-14 2010-04-14Books11526 BX 5995 .S8A2General Stacks 2010-04-141 RHEMA Bible Training College